Statistics for A-Z of Pop Culture Creatures.

Click here to take the quiz!

General Stats

  • This quiz has been taken 262 times
  • The average score is 7 of 26

Answer Stats

MediumHintAnswer% Correct
CTV ShowBig Red DogClifford
87%
AFilmAladdin's ape sidekickAbu
79%
OComic Strip/TV ShowGardfield's idiotic canine companionOdie
52%
LBook/FilmHe speaks for the TreesLorax
51%
YTV ShowHe's smarter than the average bearYogi Bear
43%
BFilm"Do you like Jazz"Barry B Benson
40%
HComic/FilmAnthropomorphic duck from Marvel ComicsHoward the Duck
40%
STV ShowCrime solving dogScooby Doo
30%
JFilmCaptain Barbosa's MonkeyJack
29%
GFilmAmphibian race native to NabooGungan
28%
VTV Show/Film"Live long and Prosper"Vulcan
27%
ZFilmBritish voiced Hornbill of pride rockZazu
25%
PVideo Game/TV ShowElectric MousePikachu
24%
TBook/FilmOnly those who have witnessed death can see theseThestral
21%
KTV ShowTalking fish of the Smith familyKlaus
19%
MTV ShowFill in the quote: "I'm Mr ....... Look at me!"Mr Meseeks
18%
DTV ShowRodent Secret AgentDanger Mouse
17%
ITV ShowIguana star of the Canadian children's show 'Under the Umbrella Tree"Iggy The Iguana
11%
EBookPatchwork ElephantElmer
10%
NTV ShowSpecies which excretes dark matterNibblonians
10%
RComic Book/FilmKnown as 'Subject 89P13' and has escaped 23 prisonsRocket Racoon
7%
FFilmGenius insect inventorFlick
6%
WTV ShowMeerkat family from Meerkat ManorThe Whiskers
1%
UTV ShowBug like alien from Doctor WhoUvodni
1%
XTV ShowRace which Mr Smith from Sarah Jane Adventures belongs toXylok
1%
QBook5 legged magical beast also known as Hairy MacboonQuintaped
0%

Score Distribution

Percentile by Number Answered

Percent of People with Each Score

Your Score History

You have not taken this quiz